[Event "ICS rated blitz match"]
[Site "204.178.125.65"]
[Date "2001.03.06"]
[Round "?"]
[White "Hossa"]
[Black "Ericsson"]
[Result "0-1"]
[WhiteElo "2617"]
[BlackElo "2090"]
[PlyCount "54"]
[EventDate "2001.??.??"]

1. d4 Nf6 2. c4 g6 3. Nc3 d5 4. Nf3 Bg7 5. Qb3 dxc4 6. Qxc4 O-O 7. Bf4 Nc6 8.
d5 Na5 9. Qd3 c6 10. d6 exd6 11. Bxd6 Re8 12. O-O-O Bf5 13. Qd2 Nc4 14. Qf4
Nxd6 15. Rxd6 Qa5 16. Qd2 Rad8 17. h3 Rxd6 18. Qxd6 Nd5 19. Nxd5 cxd5 20. Kd1
Qxa2 21. Qc7 Rc8 22. Qxc8+ Bxc8 23. Kd2 Qxb2+ 24. Kd1 Bd7 25. e3 Ba4+ 26. Ke1
Bc3+ 27. Nd2 Qxd2# {Hossa checkmated} 0-1

[Event "ICS Rated standard match"]
[Site "204.178.125.65"]
[Date "2001.03.06"]
[Round "?"]
[White "Tinker"]
[Black "Hossa"]
[Result "1/2-1/2"]
[WhiteElo "2303"]
[BlackElo "2350"]
[PlyCount "61"]
[EventDate "2001.??.??"]

1. Nf3 d5 2. d4 Nf6 3. c4 e6 4. Nc3 Bb4 5. Qa4+ Nc6 6. Bg5 Bd7 7. Qb3 dxc4 8.
Qxc4 O-O 9. Bh4 a6 10. e4 Be7 11. Be2 b5 12. Qd3 Ng4 13. Bxe7 Qxe7 14. e5 f6
15. Qe4 f5 16. Qf4 Nb4 17. Rc1 Bc6 18. O-O Bxf3 19. Qxf3 c5 20. Qf4 cxd4 21.
Qxd4 Nc6 22. Qb6 Ncxe5 23. Rcd1 Rfe8 24. Rfe1 Qh4 25. Bxg4 Nxg4 26. h3 b4 27.
Na4 Rab8 28. Qa7 Ra8 29. Qb6 Rab8 30. Qa7 Ra8 31. Qb6 {Game drawn by repetition
} 1/2-1/2

[Event "ICS rated blitz match"]
[Site "204.178.125.65"]
[Date "2001.03.06"]
[Round "?"]
[White "Hossa"]
[Black "jumbo"]
[Result "1-0"]
[WhiteElo "2586"]
[BlackElo "1955"]
[PlyCount "31"]
[EventDate "2001.??.??"]

1. d4 Nf6 2. c4 g6 3. Nc3 Bg7 4. e4 d6 5. Nf3 O-O 6. Be2 Nbd7 7. O-O e5 8. Re1
c6 9. dxe5 dxe5 10. Qc2 Nc5 11. Nxe5 Re8 12. Bf4 Nfxe4 13. Nxe4 Nxe4 14. Qxe4
Bxe5 15. Bxe5 f6 16. Bxf6 {jumbo resigns} 1-0

[Event "ICS Rated blitz match"]
[Site "204.178.125.65"]
[Date "2001.03.06"]
[Round "?"]
[White "pajaro"]
[Black "Hossa"]
[Result "0-1"]
[WhiteElo "1915"]
[BlackElo "2587"]
[PlyCount "76"]
[EventDate "2001.??.??"]

1. e3 Nf6 2. c3 e5 3. d4 exd4 4. cxd4 Nc6 5. Nf3 Be7 6. Nc3 d5 7. Bd3 Bd6 8. a3
O-O 9. Bd2 a6 10. O-O Bg4 11. h3 Bh5 12. Be2 Qc8 13. Ne1 Bg6 14. Bd3 Qe6 15.
Bxg6 fxg6 16. Nf3 Qf5 17. Qb3 Na5 18. Qd1 Nc4 19. b3 Nxa3 20. Qc1 Nc2 21. Ra4
Nb4 22. Ne2 Nd3 23. Qb1 Nd7 24. Ng3 Bxg3 25. fxg3 Rf7 26. Bc3 Qe4 27. Ra1 Qxe3+
28. Kh2 Raf8 29. Bd2 Qe2 30. Qc2 Rxf3 31. Rxf3 Rxf3 32. Qxc7 Nf8 33. Qd6 Qxd2
34. Qxd5+ Rf7 35. Rf1 Nf2 36. Rxf2 Qxf2 37. Qxf7+ Qxf7 38. d5 Qxd5 {
pajaro resigns} 0-1

[Event "ICS rated blitz match"]
[Site "204.178.125.65"]
[Date "2001.03.06"]
[Round "?"]
[White "Hossa"]
[Black "jumbo"]
[Result "1-0"]
[WhiteElo "2589"]
[BlackElo "1934"]
[PlyCount "43"]
[EventDate "2001.??.??"]

1. d4 d6 2. c4 g6 3. Nc3 Bg7 4. Nf3 Nf6 5. e4 O-O 6. Bd3 c6 7. O-O Nbd7 8. Bf4
Re8 9. Qd2 e5 10. dxe5 dxe5 11. Bh6 Nc5 12. Bxg7 Kxg7 13. Rfd1 Bg4 14. Qe3 Bxf3
15. Qxf3 Ne6 16. Qg3 Nd4 17. Rd2 Qe7 18. f3 Nd7 19. Ne2 Nxe2+ 20. Bxe2 Nc5 21.
Rad1 f6 22. b4 {jumbo resigns} 1-0

[Event "ICS rated standard match"]
[Site "204.178.125.65"]
[Date "2001.03.06"]
[Round "?"]
[White "Hossa"]
[Black "BrazilianMaster"]
[Result "0-1"]
[WhiteElo "2348"]
[BlackElo "2682"]
[PlyCount "134"]
[EventDate "2001.??.??"]

1. d4 d5 2. Nf3 Nf6 3. c4 c6 4. e3 e6 5. Nbd2 c5 6. dxc5 Bxc5 7. cxd5 Qxd5 8.
Bc4 Qc6 9. O-O O-O 10. Qe2 Qc7 11. Bd3 Nc6 12. Ne4 Nxe4 13. Bxe4 f5 14. Bxc6
Qxc6 15. Bd2 b6 16. Rfc1 Qa4 17. b4 Ba6 18. Qe1 Bd6 19. Bc3 Bb7 20. Ne5 Rac8
21. f3 Qa3 22. Nd3 Rfd8 23. Nf4 e5 24. Ne6 Re8 25. Ng5 Be7 26. Nh3 e4 27. fxe4
Bxe4 28. Nf2 Bb7 29. h3 Bg5 30. Nd1 Bf6 31. Qd2 Bxc3 32. Nxc3 Red8 33. Nb5 Rxd2
34. Rxc8+ Bxc8 35. Nxa3 Bb7 36. g4 Rg2+ 37. Kf1 fxg4 38. hxg4 Rh2 39. Rb1 Bf3
40. Nb5 Rh1+ 41. Kf2 Rxb1 42. Kxf3 a5 43. a3 axb4 44. axb4 Rxb4 45. Nc7 b5 46.
e4 Rb2 47. Nd5 b4 48. Ke3 b3 49. Nc3 Rg2 50. Kf3 Rc2 51. Na4 Ra2 52. Nc3 b2 53.
Nxa2 b1=Q 54. g5 Qxa2 55. Kf4 Qf2+ 56. Ke5 h5 57. gxh6 gxh6 58. Ke6 h5 59. e5
Qf7+ 60. Kd6 h4 61. Kc5 Qe6 62. Kb5 h3 63. Ka4 h2 64. Kb4 h1=Q 65. Kc5 Qhd5+
66. Kb4 Qc4+ 67. Ka5 Qea6# {Hossa checkmated} 0-1

[Event "ICS rated blitz match"]
[Site "204.178.125.65"]
[Date "2001.03.06"]
[Round "?"]
[White "Ericsson"]
[Black "Hossa"]
[Result "0-1"]
[WhiteElo "2121"]
[BlackElo "2590"]
[PlyCount "54"]
[EventDate "2001.??.??"]

1. d4 d5 2. c4 e6 3. Nc3 c6 4. e3 Bd6 5. Nf3 Ne7 6. Bd3 dxc4 7. Bxc4 O-O 8. O-O
Kh8 9. e4 Bd7 10. e5 Bc7 11. Qe2 Ba5 12. Bd3 h6 13. Qe4 Ng6 14. h4 c5 15. h5
Bc6 16. Qe2 cxd4 17. Ne4 Nh4 18. Nxh4 Qxh4 19. Nd6 Nd7 20. f4 f6 21. Nc4 Bc7
22. Bd2 fxe5 23. fxe5 Nc5 24. Nd6 Bxd6 25. exd6 Qg3 26. Bc4 d3 27. Qf2 Rxf2 {
Ericsson resigns} 0-1

[Event "ICS rated blitz match"]
[Site "204.178.125.65"]
[Date "2001.03.06"]
[Round "?"]
[White "Hossa"]
[Black "Ericsson"]
[Result "0-1"]
[WhiteElo "2592"]
[BlackElo "2119"]
[PlyCount "62"]
[EventDate "2001.??.??"]

1. d4 Nf6 2. c4 g6 3. Nc3 d5 4. Nf3 Bg7 5. Qb3 dxc4 6. Qxc4 O-O 7. Bf4 Nc6 8.
d5 Na5 9. Qd3 c6 10. d6 exd6 11. Bxd6 Re8 12. O-O-O Bf5 13. Qd2 Nc4 14. Qf4
Nxd6 15. Rxd6 Qa5 16. Qd2 Rad8 17. h3 Rxd6 18. Qxd6 Nd5 19. Nxd5 cxd5 20. Kd1
Qxa2 21. Qc7 Rc8 22. Qxc8+ Bxc8 23. g3 Qxb2 24. e4 dxe4 25. Ne1 Be6 26. Nc2 Bb3
27. Ke2 Qxc2+ 28. Ke3 Qc3+ 29. Kf4 Qf3+ 30. Kg5 f6+ 31. Kh4 g5# {
Hossa checkmated} 0-1

[Event "ICS rated blitz match"]
[Site "204.178.125.65"]
[Date "2001.03.08"]
[Round "?"]
[White "Hossa"]
[Black "ChesterX"]
[Result "0-1"]
[WhiteElo "2536"]
[BlackElo "2728"]
[PlyCount "164"]
[EventDate "2001.??.??"]

1. d4 d5 2. Nf3 Nf6 3. c4 e6 4. Nc3 Be7 5. e3 Nbd7 6. cxd5 exd5 7. Bd3 O-O 8.
b3 Bb4 9. Bd2 Nb6 10. a3 Be7 11. Qc2 Bg4 12. Ne5 Be6 13. O-O Nbd7 14. Nf3 Bg4
15. Ng5 h6 16. f3 hxg5 17. fxg4 c6 18. Qd1 Bd6 19. e4 Qb6 20. Be3 dxe4 21. Nxe4
Nxe4 22. Bxe4 Qc7 23. h3 Nf6 24. Bf5 Bh2+ 25. Kh1 Bf4 26. Bxf4 gxf4 27. Qc2 Nd5
28. Qf2 Rfe8 29. Bd3 Rad8 30. Qh4 Nf6 31. g5 Rxd4 32. gxf6 Rxd3 33. fxg7 Kxg7
34. Rxf4 Re6 35. Raf1 Rg6 36. Rxf7+ Qxf7 37. Rxf7+ Kxf7 38. Qh7+ Kf6 39. Qxb7
Rc3 40. Qxa7 Rxb3 41. Qa4 Rb5 42. Qd4+ Ke7 43. g4 Rd6 44. Qe3+ Re6 45. Qa7+ Ke8
46. Qh7 Re2 47. Kg1 Rbb2 48. Qg8+ Kd7 49. Qf7+ Kd6 50. Qf8+ Ke5 51. Kf1 Rh2 52.
Qc5+ Kf4 53. Qd6+ Kf3 54. Qxc6+ Kg3 55. Qc3+ Kh4 56. Qf6+ Kxh3 57. Qf3+ Kh4 58.
Kg1 Rhd2 59. Qf6+ Kxg4 60. Qg6+ Kf4 61. Qf7+ Ke4 62. Qe6+ Kd3 63. Qf5+ Kc3 64.
Qf1 Kd4 65. Qf6+ Kd5 66. Qf5+ Kc6 67. Qe6+ Kc5 68. Qe1 Kd4 69. Kf1 Rh2 70. Qd1+
Ke5 71. Qe1+ Kf5 72. Qa5+ Kg4 73. Qb4+ Rxb4 74. axb4 Kf4 75. b5 Ke3 76. b6 Rb2
77. b7 Rxb7 78. Kg2 Rg7+ 79. Kh3 Kf4 80. Kh2 Kf3 81. Kh1 Kf2 82. Kh2 Rh7# {
Hossa checkmated} 0-1

[Event "ICS rated blitz match"]
[Site "204.178.125.65"]
[Date "2001.03.12"]
[Round "?"]
[White "Hossa"]
[Black "ChesterX"]
[Result "1/2-1/2"]
[WhiteElo "2634"]
[BlackElo "2615"]
[PlyCount "83"]
[EventDate "2001.??.??"]

1. d4 Nf6 2. c4 e6 3. Nf3 b6 4. g3 Bb4+ 5. Nc3 Bb7 6. a3 Bxc3+ 7. bxc3 Nc6 8.
e3 Na5 9. Be2 Ne4 10. Bb2 Ng5 11. O-O Bxf3 12. Bxf3 Nxf3+ 13. Qxf3 Nxc4 14. Bc1
O-O 15. a4 d5 16. e4 c5 17. exd5 Qxd5 18. Qxd5 exd5 19. dxc5 bxc5 20. Rd1 Rfd8
21. Rb1 d4 22. cxd4 cxd4 23. Rb4 Rac8 24. Rb7 d3 25. Bf4 a6 26. Rb3 d2 27. Rc3
f5 28. Bxd2 Kf7 29. Rdc1 Rxd2 30. Rxc4 Rxc4 31. Rxc4 Re2 32. f4 Kf6 33. h3 h6
34. Kf1 Re6 35. Rc8 g5 36. fxg5+ hxg5 37. Rf8+ Ke5 38. Rg8 Kf6 39. Rf8+ Ke5 40.
Rg8 Kf6 41. Rf8+ Ke5 42. Rg8 {Game drawn by repetition} 1/2-1/2

[Event "ICS rated blitz match"]
[Site "204.178.125.65"]
[Date "2001.03.12"]
[Round "?"]
[White "ChesterX"]
[Black "Hossa"]
[Result "1-0"]
[WhiteElo "2616"]
[BlackElo "2633"]
[PlyCount "195"]
[EventDate "2001.??.??"]

1. d4 Nf6 2. c4 e6 3. Nf3 b6 4. a3 Bb7 5. Nc3 d5 6. cxd5 exd5 7. g3 Be7 8. Qa4+
c6 9. Bg2 O-O 10. O-O c5 11. Qc2 Nc6 12. dxc5 Bxc5 13. Bg5 d4 14. Na4 Be7 15.
Rad1 Rc8 16. Qf5 g6 17. Qb5 Rc7 18. Qd3 Qd5 19. Bf4 Rcc8 20. Nxd4 Qxg2+ 21.
Kxg2 Ne5+ 22. Kg1 Nxd3 23. Rxd3 Ba6 24. Rc3 Ng4 25. h3 Bf6 26. Rd1 Rcd8 27. e3
Ne5 28. Bxe5 Bxe5 29. Rc2 Rd7 30. Nc3 Rfd8 31. Rcd2 Bg7 32. g4 f5 33. gxf5 gxf5
34. Kh2 Bc4 35. Nb3 Bd3 36. Nc1 Bb5 37. Rxd7 Bxd7 38. N1e2 Kf7 39. Kg3 Be5+ 40.
f4 Bf6 41. Nd4 Rg8+ 42. Kf3 Bh4 43. Nce2 a6 44. Rc1 Ke7 45. Rc7 Ke8 46. b4 Rg6
47. e4 fxe4+ 48. Kxe4 Bd8 49. Rc3 Bf6 50. Re3 Kf7 51. f5 Rg8 52. Kf3 Bc8 53.
Ne6 Bb7+ 54. Kf4 Rg2 55. Ng3 Rf2+ 56. Kg4 Bg2 57. h4 Bd5 58. Ng5+ Bxg5 59. hxg5
a5 60. bxa5 bxa5 61. Rc3 Kg8 62. Rc8+ Kf7 63. Rc7+ Kg8 64. Nh5 Kf8 65. Nf6 Bb3
66. Nxh7+ Ke8 67. f6 Bd1+ 68. Kg3 Rf3+ 69. Kg2 Rf5 70. g6 Bf3+ 71. Kg3 Bd5 72.
f7+ Bxf7 73. Rxf7 Rxf7 74. gxf7+ Kxf7 75. Kf4 Ke6 76. Ke4 Kd6 77. Kd4 Kc6 78.
a4 Kd6 79. Nf6 Kc6 80. Nd5 Kd6 81. Nb6 Kc6 82. Nc4 Kb7 83. Kc5 Ka6 84. Nd6 Ka7
85. Kb5 Kb8 86. Kb6 Ka8 87. Kxa5 Ka7 88. Kb5 Ka8 89. Ka6 Kb8 90. Kb6 Ka8 91. a5
Kb8 92. a6 Ka8 93. Nf5 Kb8 94. Ne7 Ka8 95. Nd5 Kb8 96. a7+ Kc8 97. Kc6 Kd8 98.
a8=Q# {Hossa checkmated} 1-0

[Event "ICS rated bullet match"]
[Site "204.178.125.65"]
[Date "2001.03.12"]
[Round "?"]
[White "Colorado"]
[Black "Hossa"]
[Result "1-0"]
[WhiteElo "2435"]
[BlackElo "2443"]
[PlyCount "125"]
[EventDate "2001.??.??"]

1. e4 e6 2. Nf3 d5 3. Nc3 d4 4. Ne2 Bc5 5. c3 dxc3 6. Nxc3 Nc6 7. Bb5 Nf6 8.
Bxc6+ bxc6 9. d4 Be7 10. Bg5 O-O 11. O-O Ba6 12. Re1 c5 13. dxc5 Bxc5 14. e5
Qxd1 15. Rexd1 Ng4 16. Ne4 Bb4 17. h3 Bb7 18. Rd4 c5 19. Nxc5 Bxc5 20. Rxg4
Bxf3 21. gxf3 h5 22. Rc4 Bb6 23. Be7 Rfe8 24. Bd6 f6 25. f4 Rac8 26. Rac1 Rxc4
27. Rxc4 Rd8 28. b4 g6 29. a4 Rd7 30. Kg2 h4 31. a5 Bd8 32. Rc6 Kf7 33. Kf3 Rb7
34. a6 Rd7 35. b5 Bb6 36. Rc8 Kg7 37. Re8 fxe5 38. fxe5 Rf7+ 39. Kg4 Bxf2 40.
Be7 Rf5 41. Bf6+ Kf7 42. Re7+ Kf8 43. Rxe6 Be3 44. Bxh4 Rf4+ 45. Kg3 Rc4 46.
Rxg6 Bf4+ 47. Kf3 Bxe5 48. Bg5 Kf7 49. Rc6 Rb4 50. Be3 Rb3 51. Ke4 Rxb5 52.
Bxa7 Bb2 53. Bc5 Rb8 54. Kf5 Rd8 55. Rc7+ Kg8 56. a7 Bg7 57. Rb7 Be5 58. Kxe5
Re8+ 59. Kf6 Ra8 60. Rb8+ Rxb8 61. axb8=Q+ Kh7 62. h4 Kh6 63. Qh8# {
Hossa checkmated} 1-0

[Event "ICS Rated blitz match"]
[Site "204.178.125.65"]
[Date "2001.03.12"]
[Round "?"]
[White "Hossa"]
[Black "Dorky"]
[Result "1-0"]
[WhiteElo "2616"]
[BlackElo "2446"]
[PlyCount "159"]
[EventDate "2001.??.??"]

1. e4 e5 2. Nf3 Nc6 3. Bc4 Bc5 4. c3 Nf6 5. d4 exd4 6. e5 d5 7. exf6 dxc4 8.
fxg7 Qe7+ 9. Kf1 Rg8 10. cxd4 Qd7 11. Nc3 Bxd4 12. Qe1+ Qe6 13. Nd5 Kd7 14.
Qxe6+ fxe6 15. Nxd4 exd5 16. Nxc6 bxc6 17. Bf4 Rxg7 18. Be5 Re7 19. f4 c5 20.
g4 d4 21. Kf2 Kc6 22. h3 Be6 23. Rae1 Rae8 24. Rc1 Kb7 25. Rhe1 a5 26. Bf6 Rf7
27. Be5 a4 28. Kg3 Bd5 29. f5 Rg8 30. Kf4 Ka8 31. g5 Rgf8 32. f6 d3 33. Rc3 Kb8
34. Kf5 Re7 35. h4 Ree8 36. Ra3 Bc6 37. Rc1 Bd7+ 38. Kf4 Rf7 39. b3 cxb3 40.
axb3 d2 41. Rd1 Be6 42. bxa4 Rd7 43. Rf3 Rd5 44. Re3 Bd7 45. Re2 Bxa4 46. Rdxd2
Rxd2 47. Rxd2 c4 48. Rd4 Bb5 49. Rd5 Bc6 50. Rc5 Kb7 51. Rxc4 Rc8 52. Rb4+ Ka8
53. h5 Be8 54. Kg4 Bf7 55. Kh4 c5 56. Rb5 c4 57. Bc3 Rd8 58. Kg4 Rd3 59. Be5
Ka7 60. Rc5 Rd7 61. Kf5 Bxh5 62. Rxc4 Bf7 63. Rc1 Kb7 64. Rc3 Bd5 65. Rc2 Ka8
66. Rc5 Kb7 67. Bd6 Bf7 68. Ke5 Ka8 69. Rb5 Rb7 70. Ra5+ Ra7 71. Rd5 Bxd5 72.
Kxd5 Rb7 73. Ke6 Rb8 74. Bxb8 Kxb8 75. f7 Ka7 76. Kd6 Ka6 77. Kc5 Ka7 78. Kc6
h6 79. gxh6 Ka8 80. f8=R+ {Dorky resigns} 1-0

[Event "ICS rated standard match"]
[Site "204.178.125.65"]
[Date "2001.03.12"]
[Round "?"]
[White "ChesterX"]
[Black "Hossa"]
[Result "1-0"]
[WhiteElo "2393"]
[BlackElo "2393"]
[PlyCount "185"]
[EventDate "2001.??.??"]

1. e4 c5 2. Nf3 e6 3. d3 Ne7 4. Be3 Ng6 5. Be2 Be7 6. Nc3 Nc6 7. O-O O-O 8. d4
cxd4 9. Nxd4 d6 10. Qd2 Nxd4 11. Qxd4 b6 12. Rad1 Bb7 13. f3 Rc8 14. Qa4 a6 15.
Qb3 Bf6 16. Bxb6 Qe7 17. Bd4 Bxd4+ 18. Rxd4 Nf4 19. Rf2 Rb8 20. Qa3 Qg5 21. Kf1
d5 22. exd5 Qh6 23. Kg1 Qg5 24. dxe6 Nh3+ 25. Kf1 Qe3 26. gxh3 Qxd4 27. exf7+
Rxf7 28. Qb3 Rc8 29. Bd3 Qf4 30. Ne2 Qf6 31. Bc4 Rxc4 32. Qxc4 Qxb2 33. c3 a5
34. Kg2 Qd2 35. h4 Bd5 36. Qb5 Bxa2 37. Qxa5 Bc4 38. Ng3 Qd7 39. Ne4 Rf8 40.
Rd2 Qf7 41. Ng5 Qf6 42. Rd4 Bf7 43. Rd7 Be6 44. Rd6 Qf5 45. Qxf5 Bxf5 46. Rd4
h6 47. Ne4 Kf7 48. Nd6+ Ke6 49. c4 Bg6 50. c5 Bh5 51. f4 Ra8 52. c6 Ra2+ 53.
Kg3 Ra3+ 54. Kf2 Ra2+ 55. Ke3 Ra3+ 56. Kd2 Ra7 57. Nb5 Ra2+ 58. Kc3 Bg4 59. c7
Ke7 60. Nd6 Bd7 61. c8=Q Bxc8 62. Nxc8+ Kf6 63. Rd2 Ra3+ 64. Kd4 Rh3 65. Ke4
Rxh4 66. Nb6 Kf7 67. Nd5 Rg4 68. Rc2 Rg1 69. f5 Kg8 70. Rc8+ Kh7 71. Rc7 Kg8
72. f6 Kf8 73. fxg7+ Rxg7 74. Rxg7 Kxg7 75. Kf5 Kf7 76. Nf6 Kg7 77. Nh5+ Kf7
78. h4 Kf8 79. Kg6 Kg8 80. Ng7 Kf8 81. h5 Kg8 82. Ne6 Kh8 83. Kxh6 Kg8 84. Kg6
Kh8 85. h6 Kg8 86. Ng5 Kf8 87. h7 Ke8 88. h8=Q+ Kd7 89. Qc3 Kd6 90. Kf5 Ke7 91.
Qc7+ Ke8 92. Ke5 Kf8 93. Qf7# {Hossa checkmated} 1-0

[Event "ICS Rated standard match"]
[Site "204.178.125.65"]
[Date "2001.03.16"]
[Round "?"]
[White "Hossa"]
[Black "BrazilianMaster"]
[Result "0-1"]
[WhiteElo "2419"]
[BlackElo "2724"]
[PlyCount "104"]
[EventDate "2001.??.??"]

1. e4 e5 2. Nf3 Nf6 3. Nxe5 d6 4. Nf3 Nxe4 5. Qe2 Qe7 6. d3 Nf6 7. Bg5 Nbd7 8.
Nc3 Qxe2+ 9. Bxe2 h6 10. Bh4 g5 11. Bg3 Nb6 12. Nb5 Nfd5 13. c4 a6 14. Na3 Nb4
15. d4 g4 16. Nd2 Na4 17. O-O Bg7 18. Rae1 O-O 19. c5 dxc5 20. b3 Nc3 21. dxc5
Nbxa2 22. Bxc7 Nxe2+ 23. Rxe2 Nc3 24. Ree1 Bf5 25. Nac4 Bd3 26. Nb6 Rae8 27.
Bd6 Bxf1 28. Rxf1 Rd8 29. Ndc4 Rfe8 30. Na5 Re2 31. Nxb7 Rde8 32. Na4 Ne4 33.
Bf4 Bd4 34. Be3 Rxe3 35. Nd6 Nxd6 36. fxe3 Rxe3 37. Kh1 Ne4 38. g3 Nd2 39. Rc1
Nf3 40. Nc3 Bxc3 41. Rxc3 Rxc3 42. Kg2 Rxb3 43. Kf2 a5 44. Ke2 a4 45. c6 Nd4+
46. Kd1 Nxc6 47. Ke2 a3 48. Kd2 a2 49. Kc2 Nd4+ 50. Kd2 a1=Q 51. h3 Qc3+ 52.
Kd1 Rb1# {Hossa checkmated} 0-1

[Event "ICS rated standard match"]
[Site "204.178.125.65"]
[Date "2001.03.16"]
[Round "?"]
[White "BrazilianMaster"]
[Black "Hossa"]
[Result "1-0"]
[WhiteElo "2729"]
[BlackElo "2414"]
[PlyCount "95"]
[EventDate "2001.??.??"]

1. d4 d5 2. c4 e6 3. Nc3 c6 4. e3 Bd6 5. Bd3 dxc4 6. Bxc4 Nf6 7. Nf3 b5 8. Bd3
b4 9. Ne2 c5 10. e4 c4 11. Bc2 Bc7 12. Bg5 Bb7 13. Ba4+ Kf8 14. e5 h6 15. Bd2
Nd5 16. Bb5 Ba6 17. Qa4 Ba5 18. Rc1 c3 19. bxc3 Bxb5 20. Qxb5 bxc3 21. Nxc3 Ne7
22. Ne2 Bxd2+ 23. Nxd2 Nd7 24. Qb7 Nd5 25. O-O N7b6 26. Ne4 a5 27. Nd6 Qd7 28.
Qxd7 Nxd7 29. Nc3 N7b6 30. Nxd5 Nxd5 31. Rb1 Nb4 32. a3 Nc6 33. Rfc1 Nxd4 34.
Rc7 Kg8 35. Rxf7 Kh7 36. Rbb7 Rhg8 37. f4 Raf8 38. Rxf8 Rxf8 39. g3 Ra8 40. a4
Ne2+ 41. Kf2 Nc3 42. Rc7 Nxa4 43. f5 Nb6 44. fxe6 Nd5 45. Rd7 a4 46. Nf5 a3 47.
Rxd5 a2 48. Rd1 {Hossa resigns} 1-0

[Event "ICS rated blitz match"]
[Site "204.178.125.65"]
[Date "2001.03.26"]
[Round "?"]
[White "Athlon900"]
[Black "Hossa"]
[Result "1-0"]
[WhiteElo "2656"]
[BlackElo "2575"]
[PlyCount "67"]
[EventDate "2001.??.??"]

1. e4 c5 2. Nf3 Nc6 3. Bc4 e6 4. O-O Be7 5. d4 d5 6. exd5 exd5 7. Bb5 Nf6 8.
dxc5 Bxc5 9. Qe1+ Kf8 10. Nc3 Bf5 11. Na4 Bd6 12. Qd1 Qc7 13. Bg5 Ng4 14. h3
Nh2 15. Nxh2 Bxh2+ 16. Kh1 h6 17. Qxd5 Bxc2 18. Be3 Ne7 19. Qf3 Bd6 20. Rfc1
Qa5 21. Qxb7 Rb8 22. Qxa7 Qxb5 23. Rxc2 Qe5 24. f4 Qf5 25. Rd2 Nc8 26. Qa6 Be7
27. Nc5 Nb6 28. Qa7 Qc8 29. Rd7 Bf6 30. Rxf7+ Kg8 31. Rc7 Qe8 32. Ne6 Rh7 33.
Bxb6 Ra8 34. Qb7 {Hossa resigns} 1-0

[Event "ICS Rated blitz match"]
[Site "204.178.125.65"]
[Date "2001.03.26"]
[Round "?"]
[White "Hossa"]
[Black "QueenMaxima"]
[Result "0-1"]
[WhiteElo "2563"]
[BlackElo "2493"]
[PlyCount "36"]
[EventDate "2001.??.??"]

1. e4 c5 2. Nf3 d6 3. Bb5+ Nc6 4. d4 cxd4 5. Nxd4 Qc7 6. Nc3 e5 7. Nd5 Qd7 8.
Nf3 Nf6 9. Nxf6+ gxf6 10. O-O Rg8 11. Qd5 Rxg2+ 12. Kxg2 Qg4+ 13. Kh1 Qxf3+ 14.
Kg1 Bh3 15. Bxc6+ Kd8 16. Qa5+ b6 17. Qxb6+ axb6 18. Bxa8 Qg2# {
Hossa checkmated} 0-1

[Event "ICS rated blitz match"]
[Site "204.178.125.65"]
[Date "2001.04.18"]
[Round "?"]
[White "ChesterX"]
[Black "Hossa"]
[Result "1-0"]
[WhiteElo "2597"]
[BlackElo "2586"]
[PlyCount "58"]
[EventDate "2001.??.??"]

1. e4 d5 2. exd5 Nf6 3. Bb5+ Bd7 4. Bc4 Bg4 5. f3 Bf5 6. Nc3 Nbd7 7. d3 Nb6 8.
Nge2 Nfxd5 9. Nxd5 Nxd5 10. O-O Nb6 11. Bb3 e6 12. Be3 Bd6 13. c4 c5 14. d4 Qc7
15. g4 cxd4 16. Bxd4 Bg6 17. Bxg7 O-O-O 18. Bxh8 Bxh2+ 19. Kg2 Rxd1 20. Raxd1
Bd6 21. Rfe1 Kb8 22. Nc3 Bh2 23. Kh1 Bg3 24. Nb5 Qc6 25. Rd8+ Nc8 26. Kg2 Bxe1
27. Be5+ Ka8 28. Nd6 Qc7 29. Rxc8+ Qxc8 {Hossa resigns} 1-0

[Event "ICS rated blitz match"]
[Site "204.178.125.65"]
[Date "2001.04.25"]
[Round "?"]
[White "Hossa"]
[Black "monsoon"]
[Result "1-0"]
[WhiteElo "2571"]
[BlackElo "2555"]
[PlyCount "323"]
[EventDate "2001.??.??"]

1. e4 e5 2. Nf3 Nc6 3. Bc4 Nf6 4. d3 Be7 5. O-O O-O 6. Bb3 d6 7. c3 Na5 8. Ba4
c5 9. b4 cxb4 10. cxb4 Nc6 11. b5 Nb8 12. Nc3 Bg4 13. h3 Bh5 14. Qe2 Nbd7 15.
Be3 Rc8 16. Bd2 Nc5 17. Bd1 Qd7 18. Rc1 Bd8 19. Bc2 Ba5 20. a4 Ne6 21. Bd1 Nd4
22. Qe3 Bb6 23. Qg5 Nxf3+ 24. gxf3 Qxh3 25. Qg2 Qxg2+ 26. Kxg2 h6 27. Bb3 Ba5
28. Bc4 Kh8 29. Rg1 Rg8 30. Rcd1 g5 31. Rc1 Bb4 32. Rh1 Kh7 33. Be3 b6 34. Rc2
Kg7 35. Rh3 Bg6 36. Na2 Bc5 37. Nc3 Rh8 38. Kg1 Rcg8 39. Nd5 Nxd5 40. Bxd5 Re8
41. Kg2 f5 42. Rh1 f4 43. Bd2 Bf7 44. Bc6 Rc8 45. Rb1 h5 46. Bd7 Rcg8 47. Bc3
Kf6 48. Bf5 Be6 49. Bxe6 Kxe6 50. Rbc1 d5 51. Rg1 Rc8 52. Rgc1 dxe4 53. fxe4
Rhd8 54. Bb4 Rxd3 55. Bxc5 f3+ 56. Kg3 bxc5 57. Rxc5 Rxc5 58. Rxc5 h4+ 59. Kg4
Rd4 60. Rc6+ Rd6 61. Rc7 a6 62. Rh7 axb5 63. axb5 Rd4 64. Rh6+ Kd7 65. Kxf3 Rb4
66. Rg6 Rxb5 67. Rxg5 h3 68. Rh5 Kd6 69. Rxh3 Rb4 70. Rh6+ Ke7 71. Rg6 Ra4 72.
Rc6 Kd7 73. Rb6 Rc4 74. Rg6 Ke7 75. Ra6 Kf7 76. Rb6 Ra4 77. Rc6 Ke7 78. Rc3 Ra8
79. Ke3 Rg8 80. Rc6 Rb8 81. Ra6 Rb3+ 82. Ke2 Rc3 83. Rh6 Rc2+ 84. Kf3 Rc8 85.
Ra6 Rf8+ 86. Ke3 Rb8 87. Ra3 Rg8 88. Ra7+ Ke6 89. Ra6+ Kd7 90. Rb6 Ra8 91. Rg6
Ra3+ 92. Ke2 Ke7 93. Rb6 Ra8 94. Rc6 Rb8 95. Rc3 Kd6 96. Rd3+ Ke6 97. Ra3 Rb1
98. Kf3 Kf6 99. Rd3 Ra1 100. Ke2 Ke6 101. Rh3 Ra2+ 102. Kf3 Kd6 103. Rg3 Kc5
104. Rg1 Rc2 105. Rd1 Kc6 106. Rd5 Rc1 107. Rxe5 Rg1 108. Kf4 Ra1 109. Kf5 Ra7
110. Re6+ Kc5 111. f4 Rf7+ 112. Rf6 Rh7 113. Rf8 Rh5+ 114. Kg4 Rh6 115. Rc8+
Kd6 116. e5+ Kd5 117. f5 Rh7 118. e6 Ke5 119. Rc5+ Kf6 120. Rc1 Ke5 121. Re1+
Kf6 122. Rf1 Ra7 123. Kf4 Ra4+ 124. Ke3 Rb4 125. Kd3 Ra4 126. Rf2 Rb4 127. Re2
Rb7 128. Re1 Ra7 129. Kd2 Ra8 130. Rf1 Ra3 131. Ke2 Rc3 132. Rf3 Rc4 133. Ke3
Ra4 134. Ke2 Rc4 135. Kd3 Rg4 136. Kc2 Rd4 137. Kc3 Rh4 138. Rf1 Re4 139. Rf2
Ra4 140. Re2 Ra7 141. Kc4 Ra4+ 142. Kd5 Ra5+ 143. Kc6 Ra7 144. Re3 Ra6+ 145.
Kb7 Rd6 146. Kc7 Ra6 147. e7 Ra7+ 148. Kd6 Ra6+ 149. Kc5 Ra5+ 150. Kb6 Ra1 151.
Re6+ Kg5 152. Rg6+ Kf4 153. f6 Rb1+ 154. Kc6 Rc1+ 155. Kd7 Rd1+ 156. Ke8 Kf5
157. f7 Ke4 158. Kf8 Kf5 159. Rd6 Re1 160. Rh6 Rb1 161. Rd6 Re1 162. Rd1 {
monsoon resigns} 1-0

[Event "ICS rated blitz match"]
[Site "204.178.125.65"]
[Date "2001.04.25"]
[Round "?"]
[White "Hossa"]
[Black "ChesterX"]
[Result "1-0"]
[WhiteElo "2586"]
[BlackElo "2692"]
[PlyCount "157"]
[EventDate "2001.??.??"]

1. d4 e6 2. c4 Nf6 3. Nf3 Bb4+ 4. Bd2 Qe7 5. e3 b6 6. Bd3 Bb7 7. O-O O-O 8.
Bxb4 Qxb4 9. b3 Bxf3 10. Qxf3 Nc6 11. Qf4 Qa5 12. a3 e5 13. Qh4 exd4 14. exd4
d5 15. Rc1 Rad8 16. c5 bxc5 17. b4 Qa4 18. Nc3 Qb3 19. bxc5 Rb8 20. Qf4 Rfe8
21. Rab1 Qxc3 22. Rxc3 Rxb1+ 23. Rc1 Rxc1+ 24. Qxc1 Nxd4 25. f3 Ne6 26. c6 Rb8
27. Kf1 Rb6 28. Bf5 g6 29. Bxe6 fxe6 30. a4 Kf7 31. a5 Rb4 32. Qe3 Rb1+ 33. Kf2
Rb2+ 34. Ke1 Ne8 35. Qf4+ Ke7 36. g4 Rb1+ 37. Kf2 Rb2+ 38. Kg3 Rc2 39. Qh6 Kf7
40. Qxh7+ Ng7 41. Qh8 Rxc6 42. Qa8 Rc3 43. Qxa7 Ne8 44. Qb8 Ra3 45. Qc8 Ke7 46.
a6 e5 47. Qb7 Nd6 48. Qxc7+ Ke6 49. a7 e4 50. Qb8 Rxf3+ 51. Kh4 Ra3 52. a8=R
Rxa8 53. Qxa8 d4 54. Kg5 Ke5 55. Qa5+ Ke6 56. Kf4 d3 57. Qa2+ Ke7 58. Qd5 g5+
59. Qxg5+ Ke6 60. Qe5+ Kd7 61. Qd5 Ke7 62. h4 d2 63. Qxd2 Nf7 64. Qb4+ Kd7 65.
Qb7+ Ke6 66. Qxf7+ Kxf7 67. Kxe4 Ke6 68. g5 Kf7 69. h5 Ke6 70. h6 Kf7 71. Kf5
Kf8 72. g6 Kg8 73. Kf6 Kf8 74. g7+ Kg8 75. h7+ Kxh7 76. Kf7 Kh6 77. g8=Q Kh5
78. Qg3 Kh6 79. Qg6# {ChesterX checkmated} 1-0

[Event "ICS rated blitz match"]
[Site "204.178.125.65"]
[Date "2001.04.26"]
[Round "?"]
[White "ChesterX"]
[Black "Hossa"]
[Result "1/2-1/2"]
[WhiteElo "2661"]
[BlackElo "2607"]
[PlyCount "86"]
[EventDate "2001.??.??"]

1. e4 e5 2. Nf3 Nf6 3. Nxe5 d6 4. Nf3 Nxe4 5. d4 d5 6. Bd3 Bf5 7. O-O Nc6 8.
Qe1 Be7 9. Nc3 Nb4 10. Nxe4 dxe4 11. Bxe4 Nxc2 12. Bxc2 Bxc2 13. Qe2 Ba4 14.
Bg5 f6 15. Bf4 c6 16. Rfe1 Qd7 17. Qe4 Kf8 18. b3 Bb5 19. a4 Ba6 20. Re3 Bb4
21. d5 Bc5 22. dxc6 bxc6 23. Qe6 Qxe6 24. Rxe6 Rc8 25. Rc1 Kf7 26. Ree1 Bb4 27.
Bd2 Ba3 28. Ra1 Bd6 29. Rad1 Rhd8 30. Ba5 Rd7 31. Rd2 c5 32. Red1 Ke6 33. g3
Bb7 34. Re2+ Kf7 35. Nh4 g6 36. Red2 Ke6 37. Bc3 Rcd8 38. Re1+ Kf7 39. Red1 Ke6
40. Re1+ Kf7 41. Red1 Ke6 42. Re2+ Kf7 43. Red2 Ke6 {Game drawn by repetition}
1/2-1/2